Nuevo diccionario revisado Appleton-Cuyás español-inglés, inglés-español (Record no. 56382)

MARC details
000 -LEADER
campo de control de longitud fija 00749nam a2200181 i 4500
001 - NÚMERO DE CONTROL
campo de control 56382
003 - IDENTIFICADOR DE NÚMERO DE CONTROL
campo de control ES-MaACL
005 - FECHA Y HORA DE LA ÚLTIMA TRANSACCIÓN
campo de control 20230906163344.0
007 - CAMPO FIJO DE DESCRIPCIÓN FÍSICA--INFORMACIÓN GENERAL
campo de control de longitud fija t|
008 - DATOS DE LONGITUD FIJA--INFORMACIÓN GENERAL
campo de control de longitud fija 031008s1969 xxu ||||1| spa d
245 00 - MENCIÓN DEL TÍTULO
Título Nuevo diccionario revisado Appleton-Cuyás español-inglés, inglés-español
Resto del título : = The new revised Appleton-Cuyás spanish-english, english-spanish dictionary.
260 ## - PUBLICACIÓN, DISTRIBUCIÓN, ETC.
Lugar de publicación, distribución, etc. Engrewood Cliffs, New Jersey :
Nombre del editor, distribuidor, etc. Prentice-Hall,
Fecha de publicación, distribución, etc. [1969]
300 ## - DESCRIPCIÓN FÍSICA
Extensión 2 t. en 1 v. ;
Dimensiones 18 cm.
650 04 - PUNTO DE ACCESO ADICIONAL DE MATERIA--TÉRMINO DE MATERIA
Término de materia o nombre geográfico como elemento de entrada Lengua española-
Subdivisión de forma Diccionarios-
Subdivisión general Inglés.
9 (RLIN) 14142
650 04 - PUNTO DE ACCESO ADICIONAL DE MATERIA--TÉRMINO DE MATERIA
Término de materia o nombre geográfico como elemento de entrada Lengua española-
Subdivisión de forma Diccionarios-
Subdivisión general Inglés.
9 (RLIN) 14142
740 4# - ENTRADA AGREGADA--TÍTULO RELACIONADO/ANALÍTICO NO CONTROLADO
Título relacionado o analítico no controlado The new revised Appleton-Cuyás spanish-english, english-spanish dictionary.
852 ## - LOCALIZACIÓN
Ubicación ES-MaACL
Número de control de estantería L-5997
Sublocalización o colección R.106549
Holdings
Estatus retirado Estado de pérdida Estado de daño No para préstamo Colección Biblioteca de origen Biblioteca actual Ubicación en estantería Fecha de adquisición Fuente de adquisición Total de préstamos Signatura topográfica completa Código de barras Visto por última vez Precio de reemplazo Tipo de ítem Koha
        Colección de referencia Biblioteca del Ateneo de Madrid Biblioteca del Ateneo de Madrid Depósito 2 17/01/2008     L-5997 1059220 23/02/2023 23/02/2023 Libro impreso